| 000 | 00403nam a2200145Ia 4500 | ||
|---|---|---|---|
| 008 | 230917s9999||||xx |||||||||||||| ||und|| | ||
| 040 |
_e178951 _aMAIN |
||
| 041 | _aEnglish | ||
| 082 | _a327 M726I | ||
| 100 | _aMohanty, Biswaranjan | ||
| 245 | 0 | _aInternational relations: New horizons and changing equations. 2V. | |
| 260 |
_aNew Delhi _bAtlantic Publishers _c2010 |
||
| 300 | _a656 p. | ||
| 942 | _cBK | ||
| 999 |
_c151095 _d151095 |
||